Sociedad y prensa en Benavente : (Record no. 55267)

MARC details
000 -LEADER
campo de control de longitud fija 01284nam a2200289 i 4500
001 - NÚMERO DE CONTROL
campo de control 55267
003 - IDENTIFICADOR DE NÚMERO DE CONTROL
campo de control ES-MaACL
005 - FECHA Y HORA DE LA ÚLTIMA TRANSACCIÓN
campo de control 20250728062602.0
007 - CAMPO FIJO DE DESCRIPCIÓN FÍSICA--INFORMACIÓN GENERAL
campo de control de longitud fija t|
008 - DATOS DE LONGITUD FIJA--INFORMACIÓN GENERAL
campo de control de longitud fija 150121s2001 sp aco ||||1| spa d
080 ## - NÚMERO DE LA CLASIFICACIÓN DECIMAL UNIVERSAL
Número de la Clasificación Decimal Universal 84-931127-9-8
100 1# - ENTRADA PRINCIPAL--NOMBRE DE PERSONA
Nombre de persona Mata Guerra, Juan Carlos de la (
Fechas asociadas al nombre 1959-)
9 (RLIN) 156185
245 10 - MENCIÓN DEL TÍTULO
Título Sociedad y prensa en Benavente :
Resto del título (siglos XIX-XX) /
Mención de responsabilidad, etc. Juan Carlos de la Mata Guerra.
260 ## - PUBLICACIÓN, DISTRIBUCIÓN, ETC.
Lugar de publicación, distribución, etc. Benavente :
Nombre del editor, distribuidor, etc. Centro de Estudios Benaventanos "Ledo del Pozo",
Fecha de publicación, distribución, etc. 2001.
300 ## - DESCRIPCIÓN FÍSICA
Extensión 310 p. :
Otras características físicas il., retr. ;
Dimensiones 24 cm.
490 1# - MENCIÓN DE SERIE
Mención de serie Monografías ;
Designación de volumen o secuencia 4
504 ## - NOTA DE BIBLIOGRAFÍA, ETC.
Nota de bibliografía, etc. Bibliografía: p. 303-306.
505 8# - NOTA DE CONTENIDO CON FORMATO
Nota de contenido con formato Contiene: Relación de publicaciones periódicas de Benavente, p. 281 ; Catálogo de publicaciones, p. 282-294 ; Apéndice documental, p. [307]-310
650 #4 - PUNTO DE ACCESO ADICIONAL DE MATERIA--TÉRMINO DE MATERIA
Término de materia o nombre geográfico como elemento de entrada Prensa-
Subdivisión geográfica Benavente.
9 (RLIN) 156186
651 #4 - PUNTO DE ACCESO ADICIONAL DE MATERIA--NOMBRE GEOGRÁFICO
Nombre geográfico Benavente-
Subdivisión general Situación social.
9 (RLIN) 156187
710 2# - ENTRADA AGREGADA--NOMBRE DE ENTIDAD CORPORATIVA
Nombre de entidad corporativa o nombre de jurisdicción como elemento de entrada Centro de Estudios Benaventanos "Ledo del Pozo"
9 (RLIN) 144530
830 10 - PUNTO DE ACCESO ADICIONAL DE SERIE-TÍTULO UNIFORME
Título uniforme Monografías (Centro de Estudios Benaventanos "Ledo del Pozo")
Designación de volumen o secuencia 4
9 (RLIN) 177262
852 4# - LOCALIZACIÓN
Ubicación ES-MaACL
Número de control de estantería A-13330
itemnumber 57395
Sublocalización o colección R.150327
Ubicación en estantería Depósito 1
Signatura antigua Olim: N-6330
Donativo/Legado Donación: Centro de Estudios Benaventanos
914 ## - NOMBRE ENTIDAD DE DONANTE
RLIN 144530
Nombre de congreso/reunión o jurisdicción como elemento de entrada Centro de Estudios Benaventanos "Ledo del Pozo"
Unidad subordinada Donante
942 ## - ELEMENTOS DE ENTRADA SECUNDARIOS (KOHA)
Fuente del sistema de clasificación o colocación Clasificación decimal universal
Tipo de ítem Koha Libro impreso
Holdings
Estatus retirado Estado de pérdida Fuente del sistema de clasificación o colocación Estado de daño No para préstamo Biblioteca de origen Biblioteca actual Ubicación en estantería Fecha de adquisición Fuente de adquisición Total de préstamos Signatura topográfica completa Código de barras Visto por última vez Precio de reemplazo Tipo de ítem Koha
    Clasificación decimal universal     Biblioteca del Ateneo de Madrid Biblioteca del Ateneo de Madrid Depósito 1 21/01/2015 Donación   A-13330 1193460 23/02/2023 23/02/2023 Libro impreso